000 00856nam a2200265Ia 4500
003 OSt
005 20220930092650.0
006 a|||||r|||| 00| 0
007 ta
008 220926b |||||||| |||| 00| 0 eng d
024 _a23590
037 _cTheses
040 _aCRL
_cCRL
_beng
041 _2eng
_aeng
100 _aGupta Ajay
110 _aUniversity OF Delhi. Faculty OF Medical Sciences. Department OF Pediatrics
245 0 _aFeeding problems in children with autism spectrum disorders
260 _c2015
650 _aCHILDREN - DISEASES
700 _a Dr. Devendra Mishra Gu.
_9549413
700 _a Dr. Monica Juneja Gu.
_9536888
700 _aUniversity OF Delhi. Faculty OF Medical Sciences. Department OF Pediatrics
942 _cDIS
_2CC
999 _c884116
_d884116